[Event "San Fermin Masters Final"]
[Site "chess24.com INT"]
[Date "2021.07.11"]
[Round "3.1"]
[White "Carlsen, Magnus"]
[Black "Aronian, Levon"]
[Result "1/2-1/2"]
[WhiteTitle "GM"]
[BlackTitle "GM"]
[WhiteElo "2847"]
[BlackElo "2782"]
[WhiteFideId "1503014"]
[BlackFideId "13300474"]
[EventDate "2021.07.10"]

1. e4 e5 2. Nf3 Nc6 3. Bc4 Bc5 4. c3 Nf6 5. d3 d6 6. O-O O-O 7. Re1 a5 8. Nbd2
Ng4 9. Re2 Kh8 10. h3 f5 11. d4 exd4 12. cxd4 Nxd4 13. Nxd4 Nxf2 14. Rxf2 Bxd4
15. e5 dxe5 16. Qe2 e4 17. Nf1 f4 18. Qxe4 Bxf2+ 19. Kxf2 Bf5 20. Qe5 Qh4+ 21.
Kg1 Rae8 22. Qc3 f3 23. Be3 fxg2 24. Nh2 Re4 25. Bd5 Bxh3 26. Bxe4 Qxe4 27. Bf2
Qe2 28. Qc5 Rf7 29. Qe3 Qxe3 30. Bxe3 h6 31. Re1 Kh7 32. Bf2 g5 33. Re4 h5 34.
Re5 Kg6 35. Rxa5 g4 36. Re5 h4 37. Nxg4 Bxg4 38. Bxh4 Bf3 39. Re6+ Kh5 40. Rf6
Rxf6 41. Bxf6 Kg4 42. Be5 c6 43. a3 Kf5 44. Bc3 Ke4 45. Bd2 Kd3 46. Bc3 Bd5 47.
Be5 Kc2 48. Bc3 Kb3 49. Be5 c5 50. Bc3 b5 51. Be5 Kc2 52. Bd6 Kxb2 53. Bxc5 Kb3
54. Bb4 Ka4 55. Kf2 Kb3 56. Kg1 Ka4 57. Kf2 Kb3 58. Kg1 1/2-1/2

[Event "San Fermin Masters Final"]
[Site "chess24.com INT"]
[Date "2021.07.11"]
[Round "3.2"]
[White "Aronian, Levon"]
[Black "Carlsen, Magnus"]
[Result "0-1"]
[WhiteTitle "GM"]
[BlackTitle "GM"]
[WhiteElo "2782"]
[BlackElo "2847"]
[WhiteFideId "13300474"]
[BlackFideId "1503014"]
[EventDate "2021.07.10"]

1. e4 c5 2. Nf3 d6 3. c3 Nf6 4. Be2 g6 5. O-O Bg7 6. d3 O-O 7. Be3 Nc6 8. Nbd2
e5 9. a3 a5 10. d4 exd4 11. cxd4 cxd4 12. Nxd4 Re8 13. Rc1 Nxd4 14. Bxd4 Nxe4
15. Nc4 Be6 16. Nb6 Bxd4 17. Qxd4 Nc5 18. Nxa8 Nb3 19. Qb6 Nxc1 20. Rxc1 Qxa8
21. Qxd6 Qd8 22. Qf4 Bb3 23. Bf3 b6 24. h4 h5 25. g3 Qe7 26. Kg2 Qe5 27. Qd2 Kg7
28. Rc6 Re6 29. Qc3 Qxc3 30. Rxc3 a4 31. Kf1 b5 32. Be2 Re5 33. f4 Rd5 34. Ke1
Kf6 35. Rc7 Ke6 36. Rc6+ Kf5 37. Rc3 Rd4 38. Bxb5 Rd1+ 39. Ke2 Rh1 40. Kf3 Rh2
41. Rc5+ Kf6 42. Rc7 Rxb2 43. Ke3 Ra2 44. Rc3 Ra1 45. Kf2 Rxa3 46. Ke3 Ra1 47.
Bc4 Bxc4 48. Rxc4 a3 49. Ra4 a2 50. Kf2 Rh1 0-1

[Event "San Fermin Masters Final"]
[Site "chess24.com INT"]
[Date "2021.07.11"]
[Round "3.3"]
[White "Carlsen, Magnus"]
[Black "Aronian, Levon"]
[Result "1-0"]
[WhiteTitle "GM"]
[BlackTitle "GM"]
[WhiteElo "2847"]
[BlackElo "2782"]
[WhiteFideId "1503014"]
[BlackFideId "13300474"]
[EventDate "2021.07.10"]

1. d4 Nf6 2. Bf4 d5 3. e3 Bg4 4. f3 Bd7 5. g4 c5 6. c3 Nc6 7. Nd2 Qb6 8. Qb3 Na5
9. Qxb6 axb6 10. Bd3 e6 11. Ne2 Ba4 12. b3 Bc6 13. Kf2 Nd7 14. a4 f6 15. Rhb1 e5
16. Bg3 Nxb3 17. Rxb3 c4 18. Nxc4 dxc4 19. Bxc4 Rxa4 20. Rxa4 Bxa4 21. Rb1 Bd6
22. Bd5 Bc6 23. c4 Bxd5 24. cxd5 Ke7 25. dxe5 Bxe5 26. Bxe5 fxe5 27. Nc3 Rc8 28.
Ne4 Rc2+ 29. Kg3 Re2 30. Rb3 Re1 31. h4 g6 32. g5 Rg1+ 33. Kf2 Rh1 34. Nf6 Nxf6
35. gxf6+ Kxf6 36. Rxb6+ Ke7 37. Rxb7+ Kd6 38. e4 Rxh4 39. Rb6+ Kd7 40. Kg3 Rh5
41. Kg4 Ke7 42. f4 exf4 43. Kxf4 Rh1 44. Ke5 Rh5+ 45. Kd4 Rh4 46. Ra6 g5 47. Ke5
g4 48. d6+ Kd7 49. Ra7+ Kd8 50. Rg7 Rh5+ 51. Ke6 Rh6+ 52. Kd5 Rg6 53. Rxg6 hxg6
54. Kd4 Kd7 55. e5 Ke6 56. Ke3 g5 57. Kf2 1-0

[Event "San Fermin Masters Final"]
[Site "chess24.com INT"]
[Date "2021.07.11"]
[Round "3.4"]
[White "Aronian, Levon"]
[Black "Carlsen, Magnus"]
[Result "0-1"]
[WhiteTitle "GM"]
[BlackTitle "GM"]
[WhiteElo "2782"]
[BlackElo "2847"]
[WhiteFideId "13300474"]
[BlackFideId "1503014"]
[EventDate "2021.07.10"]

1. e4 c6 2. d4 d5 3. e5 Bf5 4. h4 Qc8 5. h5 h6 6. Bd3 Bxd3 7. Qxd3 e6 8. Nd2 c5
9. c3 Ne7 10. Ne2 b6 11. Nf3 Qa6 12. Qd1 Nbc6 13. O-O Nf5 14. g4 Nfe7 15. Nf4
O-O-O 16. Be3 g5 17. hxg6 Nxg6 18. Nh5 Be7 19. a3 c4 20. Kh1 Kb8 21. Qc2 Qc8 22.
Rg1 Rdf8 23. Raf1 Kb7 24. Nh2 Nh4 25. f4 f5 26. Bf2 Rhg8 27. Bxh4 Bxh4 28. gxf5
Rxf5 29. Rg7+ Ka6 30. Qa4+ Na5 31. Qd1 Rgf8 32. Qg4 Qe8 33. Rg6 Bg5 34. Rg7 Qb5
35. Qe2 Bxf4 36. Nf6 Bg5 37. Rxf5 exf5 38. Nd7 Re8 39. e6 Qc6 40. Nf3 Qxe6 41.
Nfe5 Bf4 42. Qh5 Bxe5 43. Nxe5 f4 44. Rg6 Qe7 45. Rxh6 Rg8 46. Rh7 Qe6 47. Qf7
Qxf7 48. Rxf7 Kb5 49. Rxf4 Ka4 50. Rf2 Kb3 51. Nd7 Nb7 52. Nf6 Rg5 53. Kh2 Nd6
54. Kh3 Rf5 55. Rxf5 Nxf5 56. Nxd5 Kxb2 57. Kg4 Nd6 58. a4 a5 59. Kf4 b5 60.
axb5 Nxb5 61. Ke5 a4 62. Nb6 Kb3 63. Nxa4 Kxa4 64. d5 Kb3 0-1

[Event "San Fermin Masters Final"]
[Site "chess24.com INT"]
[Date "2021.07.11"]
[Round "3.5"]
[White "Carlsen, Magnus"]
[Black "Aronian, Levon"]
[Result "0-1"]
[WhiteTitle "GM"]
[BlackTitle "GM"]
[WhiteElo "2847"]
[BlackElo "2782"]
[WhiteFideId "1503014"]
[BlackFideId "13300474"]
[EventDate "2021.07.10"]

1. e4 e5 2. Nf3 Nc6 3. Nc3 Nf6 4. d4 exd4 5. Nxd4 Bc5 6. Be3 Bb6 7. Nf5 O-O 8.
Bxb6 axb6 9. Ne3 Re8 10. Bd3 d6 11. O-O Nd7 12. f4 Nc5 13. Qh5 Ra5 14. f5 Ne5
15. b4 Ra3 16. Nb5 Ncxd3 17. Nxa3 Nxb4 18. f6 Re6 19. c3 Nbd3 20. Nd5 c6 21.
Ne7+ Rxe7 22. fxe7 Qxe7 23. Qe2 Qg5 24. Nc4 Nf4 25. Rxf4 Qxf4 26. Nxd6 Ng4 27.
g3 Qxd6 28. Rd1 Qc5+ 29. Kg2 Qf8 30. Qd2 0-1

[Event "San Fermin Masters Final"]
[Site "chess24.com INT"]
[Date "2021.07.11"]
[Round "3.6"]
[White "Aronian, Levon"]
[Black "Carlsen, Magnus"]
[Result "1-0"]
[WhiteTitle "GM"]
[BlackTitle "GM"]
[WhiteElo "2782"]
[BlackElo "2847"]
[WhiteFideId "13300474"]
[BlackFideId "1503014"]
[EventDate "2021.07.10"]

1. e4 e5 2. Nf3 Nc6 3. Bb5 Nf6 4. O-O Nxe4 5. d4 Nd6 6. Bxc6 dxc6 7. dxe5 Nf5 8.
Qxd8+ Kxd8 9. Rd1+ Ke8 10. Nc3 h5 11. Bg5 Be6 12. Ne2 Bd5 13. Nfd4 Nxd4 14. Rxd4
Bc5 15. Rd2 Be7 16. Bxe7 Kxe7 17. Nf4 Rad8 18. h4 Be4 19. Rad1 Rxd2 20. Rxd2 g6
21. f3 Bf5 22. Kf2 a5 23. Ke3 f6 24. exf6+ Kxf6 25. Ne2 g5 26. hxg5+ Kxg5 27.
Ng3 Re8+ 28. Kf2 Bg6 29. c3 h4 30. Nf1 Bf5 31. a3 a4 32. Ne3 Be6 33. Rd4 b5 34.
Re4 Bf7 35. f4+ Kf6 36. Rxe8 Bxe8 37. Kf3 Bh5+ 38. Ke4 Bf7 39. f5 Kg5 40. Ke5 c5
41. f6 c6 42. Nf5 Bd5 43. Ne7 Bc4 44. Nxc6 Kg4 45. Kd6 Kg3 46. Ne5 Bg8 47. Ng6
Bf7 48. Ne5 Bg8 49. Ng6 Bf7 50. Nxh4 Kxh4 51. Ke7 Bc4 52. f7 1-0

[Event "San Fermin Masters Final"]
[Site "chess24.com INT"]
[Date "2021.07.11"]
[Round "3.7"]
[White "Carlsen, Magnus"]
[Black "Aronian, Levon"]
[Result "1/2-1/2"]
[WhiteTitle "GM"]
[BlackTitle "GM"]
[WhiteElo "2847"]
[BlackElo "2782"]
[WhiteFideId "1503014"]
[BlackFideId "13300474"]
[EventDate "2021.07.10"]

1. d4 Nf6 2. Bf4 d5 3. e3 Bg4 4. f3 Bd7 5. g4 c5 6. c3 e6 7. Nd2 Qb6 8. Qb3 Bc6
9. Ne2 Nbd7 10. Ng3 Qa5 11. Qd1 Ba4 12. Qb1 Rc8 13. Bd3 Bb5 14. h4 Bxd3 15. Qxd3
b5 16. a3 cxd4 17. cxd4 Nb6 18. Ke2 Be7 19. g5 Nfd7 20. h5 Nc4 21. b3 Nxd2 22.
Qxd2 Qxd2+ 23. Kxd2 b4 24. Rhc1 O-O 25. a4 f6 26. gxf6 gxf6 27. e4 dxe4 28. fxe4
Kf7 29. Be3 a5 30. Ne2 e5 31. Rxc8 Rxc8 32. Rc1 Rxc1 33. Kxc1 exd4 34. Nxd4 Bc5
35. Kd2 Ne5 36. Nf5 Bxe3+ 37. Kxe3 Ke6 38. Kd4 Nf3+ 39. Ke3 Ne5 40. Nd4+ Kd6 41.
Kf4 Kc5 42. Ne6+ Kd6 43. Kf5 Nd7 44. h6 Ke7 45. Nd4 Kd6 46. Nc2 Nc5 47. Nd4 Nd7
48. Nf3 Nc5 49. Nd2 Ke7 50. e5 fxe5 51. Kxe5 Kd7 52. Kd5 Nd3 53. Nc4 Nf4+ 54.
Ke5 Nd3+ 55. Kf6 Nc5 56. Nxa5 Ke8 57. Kg7 Ke7 58. Kxh7 Kf7 59. Nc6 Nxb3 60. Nxb4
Nc5 61. a5 Ne6 62. Nc6 Nf8+ 63. Kh8 Ng6+ 64. Kh7 Nf8+ 65. Kh8 Ng6+ 66. Kh7 Nf8+ 1/2-1/2

[Event "San Fermin Masters Final"]
[Site "chess24.com INT"]
[Date "2021.07.11"]
[Round "3.8"]
[White "Aronian, Levon"]
[Black "Carlsen, Magnus"]
[Result "0-1"]
[WhiteTitle "GM"]
[BlackTitle "GM"]
[WhiteElo "2782"]
[BlackElo "2847"]
[WhiteFideId "13300474"]
[BlackFideId "1503014"]
[EventDate "2021.07.10"]

1. e4 c5 2. Nf3 d6 3. d4 cxd4 4. Nxd4 Nf6 5. Nc3 a6 6. Bc4 b5 7. Bd5 Ra7 8. a4
b4 9. Na2 e6 10. Bc6+ Bd7 11. Nxb4 d5 12. c3 Bxb4 13. Bxd7+ Rxd7 14. e5 Bc5 15.
exf6 Qxf6 16. Be3 e5 17. Nf3 Bxe3 18. fxe3 e4 19. Nd4 Rb7 20. Qe2 Nd7 21. Rf1
Qh4+ 22. g3 Qd8 23. Nf5 O-O 24. O-O-O Ne5 25. Qxa6 Qb8 26. Rf2 Ra7 27. Qb5 Nd3+
28. Rxd3 exd3 29. Rf4 g6 30. Nh6+ Kg7 31. Ng4 f5 32. Qc5 fxg4 33. Rxf8 Qxf8 34.
Qxa7+ Kh6 0-1